000 00755nas a2200241 4500
001 BR9509714
003 BR-BrBNA
005 20231205095529.0
007 ta
008 230509b bl.|||p| |||| 00| 00por d
040 _aBR-BrBNA
_bpor
_cBiblioteca Nacional de Agricultura
041 _a(Pt)
072 _aE21
100 1 _aZugaib, A.C.C.
100 1 _aSilva, C.A.B. da
245 1 _aAvaliacao de estrategias de diversificacao agroindustrial para a regiao cacaueira da Bahia
650 _aCacau
650 _aIndustria Agricola
650 _aBahia
773 0 _tRevista de Economia e Sociologia Rural (Brazil)
_xISSN 0103-2003
_g(Jul-Sep 1993), v. 31(3) p. 197-213
_wBR9509714
909 _a202311
_bLúcia
_c55
_dLúcia Elande
942 _2AGRIS
_n0
_cANA
999 _c151235
_d151235